书目信息 |
| 题名: |
舞台语言外部技巧初探
|
|
| 作者: | 周翰雯 , 冯明义 著 | |
| 分册: | ||
| 出版信息: | 北京 中国戏剧出版社 1982.5 |
|
| 页数: | 180页 | |
| 开本: | 20cm | |
| 丛书名: | 中央戏剧学院戏剧艺术丛书 | |
| 单 册: | ||
| 中图分类: | J824.2 | |
| 科图分类: | ||
| 主题词: | 戏剧--艺术--中国 | |
| 电子资源: | ||
| ISBN: | ||
| 000 | 00666nam0 2200229 45 | |
| 001 | 0312221749 | |
| 005 | 20040509145751.7 | |
| 010 | @dCNY0.56 | |
| 100 | @a20031222d1982 km y0chiy0120 ea | |
| 101 | @achi | |
| 105 | @a z 000yy | |
| 200 | 1 | @a舞台语言外部技巧初探@AWu Tai Yu Yan Wai Bu Ji Qiao Chu Tan@f周翰雯,冯明义著@FZhou Han Wen,Feng Ming Yi Zhu |
| 210 | @a北京@c中国戏剧出版社@d1982.5 | |
| 215 | @a180页@d20cm | |
| 225 | @a中央戏剧学院戏剧艺术丛书 | |
| 410 | @12001 @a中央戏剧学院戏剧艺术丛书 | |
| 606 | 0 | @a戏剧@x艺术@x中国 |
| 690 | @aJ824.2@v3 | |
| 701 | 0 | @a周翰雯@4著 |
| 701 | 0 | @a冯明义@4著 |
| 801 | @aCN@bTSTCL@c20031222 | |
| 905 | @dJ824.2@e33 | |
| 舞台语言外部技巧初探/周翰雯,冯明义著.-北京:中国戏剧出版社,1982.5 |
| 180页;20cm.-(中央戏剧学院戏剧艺术丛书) |
| ISBN :CNY0.56 |
| ● |
| 相关链接 |
|
|
|
|
正题名:舞台语言外部技巧初探
索取号:J824.2/33
 
预约/预借
| 序号 | 登录号 | 条形码 | 馆藏地/架位号 | 状态 | 备注 |
| 1 | 0209085 | 001222545 | 第一借阅区/ [索取号:J824.2/33] | 在馆 | |
| 2 | 0209086 | 001222527 | 第一样本阅览室/ [索取号:J824.2/33] | 在馆 | |
| 3 | 0232301 | 001207688 | 第一借阅区/ [索取号:J824.2/33] | 在馆 | |
| 4 | 0232302 | 001207447 | 第一样本阅览室/ [索取号:J824.2/33] | 在馆 | |
| 5 | 0232303 | 001207465 | 第一借阅区/ [索取号:J824.2/33] | 在馆 |